00289nam a2200109Ia 4500008004100000041000800041082001600049100001000065245004500075260004000120300001900160241028s9999 xx 000 0 und d aeng a658.421 BAT aBatra aEntrepreneurship: New Venture Management bCengage Learning IndiaaDehlic2023 a160;. P. 24 cm